000 01262nam a22002777a 4500
005 20101102143642.0
008 101102t xxu||||| |||| 00| 0 hin d
010 _aHIN-90945
020 _c200.00
_a9789380062082
035 _aHN-63291
037 _bDBAD / PUB
040 _aDPL
_bHN
082 _a
100 _924105
245 _aसत्यनारायण-कथा /
_cदेव नारायण पासवान द्वारा संकलित
246 _aSatua Narayan Katha
_bCom by Dev Narayan Paswan
260 _aपटना
_bजागृति साहित्य प्रकाशन
_c2009
270 _aसाईस कॉलेज के सामने, अशोक राजपथ
_bपटना
_e800006
300 _a112पृ.
_c22सेमी (सजिल्द)
490 _aदलित कहानी- संग्रह
_924112
650 _91169
_aलघु कथाएँ, हिन्दी
700 _924106
_aपासवान, देव नारायण
700 _924111
942 _2ddc
_cHN
_h
_mसत्यना
999 _c48551
_d48551